| 000 | 01057cgm a2200301 4500 | ||
|---|---|---|---|
| 001 | J602 | ||
| 008 | 090401t1992 xxu||||| |||| 00| 0 eng d | ||
| 035 | _a(Sirsi) u75703 | ||
| 041 | _aeng | ||
| 050 | _a658.3 | ||
| 100 | _aBooth, Bob | ||
| 245 | _aPeople in profit: No. 3 - How are you doing? (a series on managing people in business) (sound recording). | ||
| 260 |
_aLondon _bRoyal Institution of Chartered Surveyors _c1992 |
||
| 300 | _a1 sound cassette (60 min.) | ||
| 350 | _a0 | ||
| 490 | _aOwlion Audio Programme | ||
| 520 | _aExamines the nature and significance of performance appraisal and gives guidance on how to provide relevant feedback to individuals. | ||
| 650 | _aAPPRAISAL | ||
| 650 | _aAUDIO CASSETTES | ||
| 650 | _aABOUT RICS-RICS MEMBERS | ||
| 650 | _aPERFORMANCE | ||
| 650 | _aPERSONNEL MANAGEMENT | ||
| 690 | _aMANAGEMENT-BUSINESS MANAGEMENT-PROFESSIONAL PRACTICE | ||
| 710 |
_aRoyal Institution of Chartered Surveyors _94900 |
||
| 710 |
_aCollege of Estate Management _9400 |
||
| 942 | _n0 | ||
| 948 | _c04/03/1997 | ||
| 999 |
_c85340 _d85340 |
||